Operaciones básicas de la ingeniería quíimica

Bibliographic Details
Main Author: Brown, George Granger
Format: Section = Libro
Language:Undetermined
Spanish
Published: La Habana Edición Revolucionaria 1965
Subjects:
LEADER 00502nam a2200181Ia 4500
008 240829s9999 xx 000 0 und d
040 |a BIBLIOTECA-RUSB/ 660.2844 O61 
041 |a spa 
082 |a 660.2844 O61 
100 1 |a Brown, George Granger 
245 1 0 |a Operaciones básicas de la ingeniería quíimica 
260 |a La Habana  |b Edición Revolucionaria  |c 1965 
300 |a 629 p. :il. 
650 7 |a INGENIERIA QUIMICA 
650 7 |b  QUIMICA-NOTACION 
942 |c BK  |2 ddc 
991 |a TEXTO 
999 |c 4353